000 03032nam a22003017i 4500
003 URS
003 URS
005 20240416181556.0
008 170524b xxu||||| |||| 00| 0 eng d
040 _aURS
_beng
_erda
041 _aeng
050 0 0 _aTH 6561.7
_b.P832 2015
245 _aPortable solar ac supply
_cJohn Joseph P. Gutierrez... [et.al].
260 _c2015
300 _a56 leaves :
_billustrations ;
_c28 cm.
336 _atext
_btxt
_2rdacontent
337 _aunmediated
_bn
_2rdamedia
338 _avolume
_bnc
_2rdacarrier
502 _bThesis (Bachelor of Technology major in Electrical Technology) -- University of Rizal System-Morong.
520 _aEXECUTIVE SUMMARY: This study aimed to contribute in science and technology particularly in the field of industrial technology. This is entitled Portable Solar AC Supply as an alternative Source of Energy, and because it has a solar panel this can further save energy. This study made use of the developmental research method. The developmental research is a research method based on the systematic development of an existing project. There are two groups of respondents who have evaluated the project. These are the technology experts and end-users. Based on the intensified treatment of data gathered, it was found out that the Portable Solar AC Supply as Source of Electricity is constructed and developed out of locally available materials. The respondents revealed that the device is extremely accepted in terms of design, usability, functionality and safety and maintenance. As to the significant difference between the evaluations made by the Electrical Technology Experts and Students on the acceptability of Portable Solar AC Supply as Source of Electricity in terms of the aforementioned variables, the findings revealed that there is no significant difference between the evaluation of the Electrical Technology Experts and students in terms of the above mentioned variables. Relative to this, it is concluded that the device produce its desired output in terms of the design and functionality of parts. It is also carried out the expenses performance in terms of its usefulness and safety and maintenance. Based on the result of the study, it is recommended that the device should add an additional battery when the need arises. A set of wheels should be added to further improve its transportation and lastly a volt meter for the AC output should be installed to monitor its output. Other researchers may conduct further study to improve the design for better performance and effectiveness. Further study can be done for the improvement of the study in the near future to improve the function of the device.
650 _aPhorovoltaic power generation.
700 1 _aBellin, John Marvic M.
_eauthor
700 1 _aFlores, Biejay M.
_eauthor
700 1 _aSan Juan, Ralph A.
_eauthor
700 1 _aMadarang, Raymond R.
_eauthor
856 _3Online Request for Student Unpublished Works
_uhttps://forms.gle/7LqvGGkaDrUQqz429
942 _2lcc
_cT
999 _c74614
_d74613